[Event "Open de"]
[Site "Cappelle la Grande"]
[Date "2002.??.??"]
[Round "1.39"]
[White "Silva, Fernando"]
[Black "Dumitrache, Dragos"]
[Result "0-1"]
[WhiteElo "2316"]
[BlackElo "2506"]
[PlyCount "72"]
[WhiteTeamCountry "FIN"]
[BlackTeamCountry "FAI"]

1. c4 g6 2. Nc3 Bg7 3. g3 e5 4. Bg2 Nc6 5. e3 d6 6. Nge2 Be6 7. d4 exd4 8. Nxd4
Nxd4 9. exd4 Ne7 10. d5 Bd7 11. O-O O-O 12. Re1 h6 13. Ne4 Rb8 14. c5 Bf5 15.
Bf4 Bxe4 16. Rxe4 g5 17. cxd6 cxd6 18. Bc1 Re8 19. h4 Ng6 20. hxg5 hxg5 21. Qh5
Bf6 22. Bxg5 Rxe4 23. Bxf6 Qxf6 24. Bxe4 Qxb2 25. Rb1 Qf6 26. Rb4 Ne5 27. Bh7+
Kg7 28. Rf4 Qh6 29. Qxh6+ Kxh6 30. Bc2 Rc8 31. Bb3 Kg7 32. Re4 a6 33. Rb4 b5
34. a4 Rc3 35. axb5 a5 36. b6 axb4 0-1

[Event "Open de"]
[Site "Cappelle la Grande"]
[Date "2002.??.??"]
[Round "1.40"]
[White "Gormally, Daniel"]
[Black "Maeurer, Christophe"]
[Result "1-0"]
[WhiteElo "2506"]
[BlackElo "2314"]
[PlyCount "105"]
[WhiteTeamCountry "FIN"]
[BlackTeamCountry "FAI"]

1. e4 Nf6 2. e5 Nd5 3. d4 d6 4. Nf3 Nc6 5. c4 Nb6 6. e6 fxe6 7. Nc3 e5 8. d5
Nd4 9. Nxd4 exd4 10. Qxd4 e5 11. dxe6 Bxe6 12. Be2 Qf6 13. Qe4 O-O-O 14. O-O
Qf5 15. Qxf5 Bxf5 16. Be3 c6 17. a4 Kb8 18. Bg5 Re8 19. a5 Nc8 20. a6 Be7 21.
Be3 Bf6 22. axb7 Kxb7 23. Ra3 Re7 24. b4 Rhe8 25. b5 Bxc3 26. bxc6+ Kxc6 27.
Rxc3 Rb7 28. Ra3 Rb4 29. Rc1 Rb1 30. Rxb1 Bxb1 31. c5 Re7 32. cxd6 Nxd6 33. Kf1
Be4 34. f3 Bd5 35. Ra6+ Kd7 36. Bc5 Re6 37. Bxd6 Rxd6 38. Rxa7+ Ke6 39. Rxg7
Rd7 40. Rxd7 Kxd7 41. Kf2 Ke7 42. Bd3 h6 43. g4 Kf6 44. f4 Bc6 45. h4 Kg7 46.
Ke3 Bd7 47. f5 Be8 48. Kf4 Bf7 49. Ke5 Bb3 50. Be4 Bd1 51. g5 Bh5 52. f6+ Kh8
53. g6 1-0

[Event "Open de"]
[Site "Cappelle la Grande"]
[Date "2002.??.??"]
[Round "1.41"]
[White "Kniest, Olivier"]
[Black "Shaw, John"]
[Result "0-1"]
[WhiteElo "2312"]
[BlackElo "2506"]
[PlyCount "124"]
[WhiteTeamCountry "FIN"]
[BlackTeamCountry "FAI"]

1. d4 d5 2. c4 c6 3. e3 Nf6 4. Nf3 Bg4 5. Be2 e6 6. Nbd2 Nbd7 7. O-O Bd6 8. b3
O-O 9. Bb2 Qb8 10. h3 Bh5 11. Re1 b5 12. cxb5 cxb5 13. a4 b4 14. Rc1 Rc8 15.
Rxc8+ Qxc8 16. Ne5 Bxe2 17. Qxe2 Qc2 18. Nd3 Ne4 19. Nxe4 Qxe2 20. Rxe2 dxe4
21. Ne1 Rc8 22. Rc2 Rxc2 23. Nxc2 Nb6 24. Bc1 Nd5 25. Bd2 f5 26. Kf1 Kf7 27.
Ke2 Ke7 28. f3 Kd7 29. Be1 Kc6 30. Bd2 Be7 31. Be1 Kb6 32. Bd2 a6 33. Be1 a5
34. g3 Kc6 35. fxe4 fxe4 36. Kd1 h5 37. Ke2 Bd6 38. Bf2 g5 39. Kd2 Ne7 40. Ke2
Nf5 41. g4 hxg4 42. hxg4 Nh6 43. Kf1 Nxg4 44. Kg2 Nh2 45. Bg3 Bxg3 46. Kxg3
Nf1+ 47. Kg4 Kd5 48. Kxg5 Nxe3 49. Nxe3+ Kxd4 50. Ng2 Kc3 51. Kf4 Kxb3 52. Kxe4
Kxa4 53. Kd3 Kb3 54. Ne3 a4 55. Nc2 a3 56. Nd4+ Kb2 57. Kc4 e5 58. Nb3 e4 59.
Kxb4 e3 60. Kc4 e2 61. Nc5 a2 62. Nd3+ Kb1 0-1

[Event "Open de"]
[Site "Cappelle la Grande"]
[Date "2002.??.??"]
[Round "1.42"]
[White "Gallagher, Joseph"]
[Black "Marechal, Andy"]
[Result "1-0"]
[WhiteElo "2503"]
[BlackElo "2311"]
[PlyCount "87"]
[WhiteTeamCountry "FIN"]
[BlackTeamCountry "FAI"]

1. e4 e6 2. d4 d5 3. Nc3 Nf6 4. e5 Nfd7 5. f4 c5 6. Nf3 Nc6 7. Be3 cxd4 8. Nxd4
Bc5 9. Qd2 Bxd4 10. Bxd4 Nxd4 11. Qxd4 Qb6 12. Nb5 Qxd4 13. Nxd4 Ke7 14. h4 h5
15. Rh3 Nb6 16. a4 Bd7 17. a5 Na4 18. b3 Nc5 19. b4 Ne4 20. Bd3 Rac8 21. Ra3 f5
22. Bxe4 dxe4 23. Rhg3 Kf7 24. Rgc3 Ke7 25. Kd2 a6 26. Rxc8 Rxc8 27. Rg3 Kf7
28. Rc3 Rxc3 29. Kxc3 Ke7 30. Nb3 Kd8 31. Nc5 Kc7 32. Kd4 Kc6 33. c4 Bc8 34.
Na4 Bd7 35. Nc3 b6 36. axb6 Kxb6 37. Ne2 Be8 38. Kc3 Kc7 39. Nd4 Bd7 40. c5 Bc8
41. Kc4 Bd7 42. c6 Bc8 43. Kc5 g6 44. Nc2 1-0

[Event "Open de"]
[Site "Cappelle la Grande"]
[Date "2002.??.??"]
[Round "1.45"]
[White "Cheng, Xinkai"]
[Black "Solak, Dragan"]
[Result "0-1"]
[WhiteElo "2308"]
[BlackElo "2501"]
[PlyCount "66"]
[WhiteTeamCountry "FIN"]
[BlackTeamCountry "FAI"]

1. d4 d6 2. e4 Nf6 3. Nc3 e5 4. dxe5 dxe5 5. Qxd8+ Kxd8 6. Bc4 Bb4 7. f3 Ke7 8.
Nge2 c6 9. Be3 Nbd7 10. Kf2 Bc5 11. a4 a5 12. Nd1 Ne8 13. Nc1 Nd6 14. Be2 Bxe3+
15. Nxe3 Nc5 16. Nd3 Nxd3+ 17. Bxd3 Be6 18. Rhd1 g6 19. b3 Rhd8 20. g3 Rd7 21.
Bc4 Nxc4 22. Rxd7+ Kxd7 23. Nxc4 Bxc4 24. Rd1+ Kc7 25. bxc4 Rd8 26. Rxd8 Kxd8
27. Ke3 Kc7 28. c5 b5 29. Kd3 h5 30. h4 f5 31. exf5 g5 32. g4 e4+ 33. Kd2 bxa4
0-1

[Event "Open de"]
[Site "Cappelle la Grande"]
[Date "2002.??.??"]
[Round "1.52"]
[White "Legky, Nikolay"]
[Black "Hanley, Craig"]
[Result "1-0"]
[WhiteElo "2485"]
[BlackElo "2304"]
[PlyCount "51"]
[WhiteTeamCountry "FIN"]
[BlackTeamCountry "FAI"]

1. d4 d5 2. c4 c6 3. Nf3 Nf6 4. cxd5 cxd5 5. Nc3 Nc6 6. Bf4 e6 7. e3 Bd6 8. Bg3
Bxg3 9. hxg3 Qb6 10. a3 Bd7 11. Bd3 Rc8 12. Qe2 Na5 13. Ne5 Qb3 14. Rc1 a6 15.
g4 Bb5 16. Bxb5+ axb5 17. Nd3 Ke7 18. g5 Nd7 19. O-O Nc4 20. e4 dxe4 21. Nxe4
Nd6 22. Nxd6 Kxd6 23. Nc5 Nxc5 24. Qe5+ Ke7 25. Rxc5 Rhd8 26. Rxb5 1-0

[Event "Open de"]
[Site "Cappelle la Grande"]
[Date "2002.??.??"]
[Round "1.54"]
[White "Lukov, Valentin"]
[Black "Pert, Richard"]
[Result "1/2-1/2"]
[WhiteElo "2478"]
[BlackElo "2302"]
[PlyCount "88"]
[WhiteTeamCountry "FIN"]
[BlackTeamCountry "FAI"]

1. Nf3 Nf6 2. c4 g6 3. Nc3 Bg7 4. e4 c5 5. d4 cxd4 6. Nxd4 Nc6 7. Be3 O-O 8.
Be2 b6 9. O-O Bb7 10. Qd2 Rc8 11. f3 Nh5 12. Ndb5 Na5 13. Na3 f5 14. exf5 gxf5
15. Rad1 d6 16. Nd5 Qe8 17. Bg5 Nf6 18. Rfe1 Nc6 19. Bf1 Qf7 20. Nb5 Ne5 21. f4
Ng6 22. Bxf6 Bxf6 23. Nbc3 Bg7 24. g3 e6 25. Ne3 Rcd8 26. Bg2 Bxg2 27. Qxg2
Bxc3 28. bxc3 Qc7 29. Kh1 Rf7 30. Rd4 Qc5 31. Qf3 Re8 32. Red1 e5 33. Rd5 Qc6
34. Qg2 exf4 35. Nxf5 Rf6 36. gxf4 Kh8 37. Rg1 Ref8 38. Ne7 Qxc4 39. Nxg6+ Rxg6
40. Rg5 Qxf4 41. Rxg6 hxg6 42. Qxg6 Qf3+ 43. Qg2 Qxg2+ 44. Kxg2 Rf6 1/2-1/2

[Event "Open de"]
[Site "Cappelle la Grande"]
[Date "2002.??.??"]
[Round "1.56"]
[White "Dreumont, Franck"]
[Black "Swiercz, Sonia"]
[Result "0-1"]
[WhiteElo "1650"]
[BlackElo "1240"]
[Annotator "John Cappon"]
[PlyCount "74"]
[WhiteTeamCountry "FIN"]
[BlackTeamCountry "FAI"]

1. e4 e5 2. d4 exd4 3. Qxd4 Nc6 4. Qe3 d6 5. Nc3 Nf6 6. Bd2 Be7 7. O-O-O O-O 8.
h3 Be6 9. g4 d5 $1 {
Les blancs attaquent a l'aile-roi, tres bonne reaction des noirs au centre!!}
10. exd5 (10. e5 d4 $1) 10... Nxd5 11. Nxd5 $2 Bxd5 12. Bc3 Bg5 $1 {Les noirs c
louent la dame et le roi blanc. Ils forcent les blanc a jouer f4. Il est
interessant de voir que les noirs ont deja termine leur developpement alors
que les blancs ont encore 2 pieces a sortir.} 13. f4 Re8 (13... Qe7 $1 14. Qxe7
Bxf4+) 14. Qg3 $2 (14. Qf2) 14... Qd6 $3 {
Le pion f4 est cloue de tous les cotes!!} 15. Qf2 $2 (15. Kb1 $17 Bxf4) 15...
Qxf4+ 16. Qxf4 Bxf4+ 17. Kb1 Bxh1 {et les noirs ont une tour de plus!!} 18. Bc4
Red8 19. Rf1 Bg2 20. Re1 Bg3 21. Rc1 Rd6 22. Ne2 Bh4 23. Nf4 Bf3 24. Nd3 Rad8
25. b3 a6 26. b4 b5 27. Bb3 Nd4 28. Bxd4 Rxd4 29. Ne5 Bd5 30. c3 Re4 31. Nf3
Bxb3 32. Nxh4 Rd1 33. axb3 Rxc1+ 34. Kxc1 Re3 35. Kd2 Rxh3 36. Nf5 g5 37. Kc2
h5 0-1

[Event "Open de"]
[Site "Cappelle la Grande"]
[Date "2002.??.??"]
[Round "1.57"]
[White "Dubois, Jean-Marie"]
[Black "Gurevich, Vladimir"]
[Result "0-1"]
[WhiteElo "2297"]
[BlackElo "2476"]
[PlyCount "58"]
[WhiteTeamCountry "FIN"]
[BlackTeamCountry "FAI"]

1. c4 e5 2. Nc3 Nf6 3. g3 d5 4. cxd5 Nxd5 5. Bg2 Nb6 6. Nf3 Nc6 7. O-O Be7 8.
d3 O-O 9. b3 Be6 10. Bb2 f5 11. Nd2 Qd7 12. Nc4 Bf6 13. f4 exf4 14. gxf4 Rae8
15. Nxb6 axb6 16. e4 Bd4+ 17. Kh1 Rd8 18. Qd2 Qf7 19. e5 Rd7 20. Rf3 Bxc3 21.
Bxc3 Bd5 22. Rg3 Qe6 23. Re1 Nd8 24. h3 Re8 25. Kh2 Bxg2 26. Qxg2 Qc6 27. Qxc6
bxc6 28. Rge3 Ne6 29. Kg3 g5 0-1

[Event "Open de"]
[Site "Cappelle la Grande"]
[Date "2002.??.??"]
[Round "1.59"]
[White "Bremond, Eric"]
[Black "Fontaine, Robert"]
[Result "0-1"]
[WhiteElo "2296"]
[BlackElo "2469"]
[PlyCount "110"]
[WhiteTeamCountry "FIN"]
[BlackTeamCountry "FAI"]

1. e4 c6 2. Nc3 d5 3. Nf3 Bg4 4. h3 Bh5 5. exd5 cxd5 6. Bb5+ Nc6 7. g4 Bg6 8.
Ne5 Rc8 9. d4 e6 10. Qe2 Bb4 11. h4 Nge7 12. h5 Be4 13. f3 O-O 14. Nxc6 Nxc6
15. Be3 Qa5 16. Bxc6 Bxc3+ 17. bxc3 Qxc3+ 18. Kf2 Rxc6 19. fxe4 f5 20. gxf5
dxe4 21. Rad1 Rxf5+ 22. Kg2 Qa3 23. c4 Rf3 24. Bf2 Qf8 25. Bg3 Ra6 26. Qxe4
Rxa2+ 27. Kh3 Qf7 28. Kg4 Raa3 29. Bf4 e5 30. Qxe5 Qd7+ 31. Qf5 Rxf4+ 32. Kxf4
Rf3+ 33. Kxf3 Qxf5+ 34. Ke3 Qg5+ 35. Kd3 b5 36. c5 Qd5 37. Rc1 Qf3+ 38. Kc2 b4
39. Kd2 b3 40. c6 b2 41. Rb1 Qxc6 42. Rhd1 Qc4 43. Rxb2 Qxd4+ 44. Kc1 Qc5+ 45.
Rc2 Qg5+ 46. Rdd2 h6 47. Rc7 Qxh5 48. Rdd7 Qg5+ 49. Kc2 a5 50. Kb3 h5 51. Ka4
Kh7 52. Rd4 Qe5 53. Rcd7 Kh6 54. R7d5 Qe1 55. Rd1 Qb4# 0-1

[Event "Open de"]
[Site "Cappelle la Grande"]
[Date "2002.??.??"]
[Round "1.61"]
[White "Krupkova, Petra"]
[Black "Rizouk, Aimen"]
[Result "1/2-1/2"]
[WhiteElo "2295"]
[BlackElo "2467"]
[PlyCount "35"]
[WhiteTeamCountry "FIN"]
[BlackTeamCountry "FAI"]

1. e4 e5 2. Nf3 Nc6 3. d4 exd4 4. Nxd4 Nf6 5. Nc3 Bb4 6. Nxc6 bxc6 7. Bd3 d5 8.
exd5 cxd5 9. O-O O-O 10. Bg5 c6 11. Qf3 Be7 12. Rfe1 Rb8 13. Rab1 h6 14. Bxh6
gxh6 15. Qe3 Bb4 16. Qxh6 Bxc3 17. Qg5+ Kh8 18. Qh6+ 1/2-1/2

[Event "Open de"]
[Site "Cappelle la Grande"]
[Date "2002.??.??"]
[Round "1.78"]
[White "Foisor, Ovidiu"]
[Black "Peric, Slavisa"]
[Result "1-0"]
[WhiteElo "2443"]
[BlackElo "2250"]
[PlyCount "83"]
[WhiteTeamCountry "FIN"]
[BlackTeamCountry "FAI"]

1. c4 e5 2. g3 Nc6 3. Bg2 d6 4. Nc3 Nf6 5. Nf3 Be6 6. d4 exd4 7. Nxd4 Bd7 8.
O-O Be7 9. b3 O-O 10. Bb2 Nxd4 11. Qxd4 Bc6 12. Nd5 Bxd5 13. cxd5 Qd7 14. Rac1
Rfc8 15. e4 Ne8 16. f4 c5 17. Qd3 Nc7 18. e5 Rf8 19. Be4 h6 20. Rcd1 a6 21. Qf3
Nb5 22. e6 Qd8 23. Bxg7 f5 24. Bxf8 Qxf8 25. Bd3 Nd4 26. Qh5 Qg7 27. Bxf5 Rf8
28. Be4 b5 29. Rd2 Bf6 30. Rg2 c4 31. bxc4 bxc4 32. g4 Bd8 33. g5 hxg5 34. fxg5
Nf3+ 35. Bxf3 Bb6+ 36. Kh1 c3 37. Re1 Bd8 38. h4 Rf4 39. Qe8+ Kh7 40. Be4+ Rxe4
41. Qh5+ Kg8 42. Qf7+ 1-0

[Event "Open de"]
[Site "Cappelle la Grande"]
[Date "2002.??.??"]
[Round "1.84"]
[White "Sammalvuo, Tapani"]
[Black "Royer, Sylvain"]
[Result "1/2-1/2"]
[WhiteElo "2433"]
[BlackElo "2242"]
[PlyCount "100"]
[WhiteTeamCountry "FIN"]
[BlackTeamCountry "FAI"]

1. Nf3 Nf6 2. c4 c6 3. Nc3 d5 4. d4 e6 5. Bg5 Nbd7 6. e3 Qa5 7. Nd2 Bb4 8. Qc2
O-O 9. Be2 e5 10. O-O exd4 11. Nb3 Qc7 12. Nxd4 Bd6 13. cxd5 Bxh2+ 14. Kh1 Be5
15. dxc6 bxc6 16. Nxc6 Qxc6 17. Bf3 Qe6 18. Bxa8 Qg4 19. f4 Qh5+ 20. Kg1 Ng4
21. g3 Bxc3 22. bxc3 Nxe3 23. Qh2 Qxh2+ 24. Kxh2 Nxf1+ 25. Rxf1 Ba6 26. Rd1
Rxa8 27. Rxd7 f6 28. Bh4 Be2 29. g4 Bxg4 30. Rc7 a5 31. Bf2 Rc8 32. Rxc8+ Bxc8
33. a4 Bd7 34. Bb6 Bxa4 35. Kg3 Kf7 36. Bxa5 Ke6 37. Bb4 Bb5 38. Bf8 g6 39. Kh4
Kf5 40. Kg3 h5 41. Be7 g5 42. fxg5 fxg5 43. Kh3 h4 44. Bd8 Kg6 45. Kg2 Kh5 46.
Kf2 g4 47. Bc7 Kg5 48. Bd6 Kf5 49. Bc7 h3 50. Bd6 Ke4 1/2-1/2

[Event "Open de"]
[Site "Cappelle la Grande"]
[Date "2002.??.??"]
[Round "1.93"]
[White "Van Heirzeele, Daniel"]
[Black "Mista, Aleksander"]
[Result "1-0"]
[WhiteElo "2223"]
[BlackElo "2419"]
[PlyCount "75"]
[WhiteTeamCountry "FIN"]
[BlackTeamCountry "FAI"]

1. d4 d6 2. c4 Nf6 3. Nc3 Nbd7 4. Nf3 e5 5. e4 g6 6. Be2 Bg7 7. Be3 O-O 8. d5
Ng4 9. Bd2 a5 10. h3 Ngf6 11. Be3 Nc5 12. Nd2 Ne8 13. a3 f5 14. b4 axb4 15.
axb4 Rxa1 16. Qxa1 Nxe4 17. Ndxe4 fxe4 18. Nxe4 Nf6 19. Bg5 Bf5 20. Nxf6+ Bxf6
21. Bxf6 Qxf6 22. O-O Qh4 23. Qa3 Qe4 24. Bf3 Qf4 25. c5 Bxh3 26. cxd6 cxd6 27.
b5 Qf6 28. Be2 Bf5 29. Rc1 Be4 30. f3 Bf5 31. Rc7 e4 32. Qa4 Re8 33. b6 Qe5 34.
f4 Qe7 35. Rxe7 Rxe7 36. Qb4 h5 37. Qxd6 Kf7 38. Qc5 1-0

[Event "Open de Cappelle la Grande"]
[Site "?"]
[Date "2002.??.??"]
[Round "2.19"]
[White "Dumitrache, Dragos"]
[Black "Eliet, Nicolas"]
[Result "1-0"]
[WhiteElo "2506"]
[BlackElo "2401"]
[PlyCount "33"]

1. d4 d5 2. c4 c6 3. Nf3 Nf6 4. e3 a6 5. Nc3 b5 6. cxd5 cxd5 7. a4 b4 8. Na2 e6
9. Bd2 Nc6 10. Ne5 Nxe5 11. dxe5 Ne4 12. Nxb4 Bxb4 13. Bxb4 Nxf2 14. Kxf2 Qh4+
15. g3 Qxb4 16. Qd4 Rb8 17. Bb5+ {#} 1-0

[Event "Open de Cappelle la Grande"]
[Site "?"]
[Date "2002.??.??"]
[Round "2.45"]
[White "Palo, Davor"]
[Black "Timoshenko, Georgy"]
[Result "1/2-1/2"]
[WhiteElo "2337"]
[BlackElo "2560"]
[PlyCount "36"]

1. d4 Nf6 2. c4 e6 3. Nf3 b6 4. g3 Bb7 5. Bg2 Be7 6. O-O O-O 7. Nc3 Na6 8. Bf4
Ne4 9. Nxe4 Bxe4 10. Ne1 Bxg2 11. Nxg2 d6 12. Qa4 Qc8 13. e4 Qb7 14. Rad1 Rfe8
15. Rfe1 Rad8 16. Bd2 Bf6 17. Bc3 c5 18. d5 Bxc3 1/2-1/2

[Event "Open de Cappelle la Grande"]
[Site "?"]
[Date "2002.??.??"]
[Round "2.2"]
[White "Jakubowski, Krzysztof"]
[Black "Gyimesi, Zoltan"]
[Result "1/2-1/2"]
[WhiteElo "2458"]
[BlackElo "2606"]
[PlyCount "59"]

1. e4 c6 2. d4 d5 3. Nc3 dxe4 4. Nxe4 Bf5 5. Ng3 Bg6 6. Bc4 e6 7. N1e2 Bd6 8.
h4 h6 9. Nf4 Bxf4 10. Bxf4 Nf6 11. h5 Bh7 12. Qd2 O-O 13. O-O-O Nd5 14. Ne2 Nd7
15. Kb1 N7b6 16. Bd3 Bxd3 17. Qxd3 Nxf4 18. Nxf4 Qf6 19. Qe4 Rfd8 20. g3 a5 21.
c3 a4 22. a3 Ra5 23. Nd3 Nc4 24. f4 Rb5 25. Ka2 Nd6 26. Qe2 Qf5 27. g4 Qe4 28.
Rhe1 Qxe2 29. Rxe2 Ne8 30. Rh1 1/2-1/2

[Event "Open de Cappelle la Grande"]
[Site "?"]
[Date "2002.??.??"]
[Round "2.20"]
[White "Grabuzova, Tatiana"]
[Black "Gormally, Daniel"]
[Result "1/2-1/2"]
[WhiteElo "2406"]
[BlackElo "2506"]
[PlyCount "54"]

1. b3 d5 2. Bb2 Bg4 3. Nf3 Bxf3 4. exf3 Nd7 5. f4 e6 6. g3 Ngf6 7. Bg2 g6 8.
Qe2 c6 9. O-O Bg7 10. d3 O-O 11. Nd2 Ne8 12. Bxg7 Nxg7 13. Nf3 Nf5 14. Bh3 Qf6
15. Bxf5 exf5 16. Rfe1 Nc5 17. Qe5 Qxe5 18. Rxe5 Rfe8 19. Rae1 Rxe5 20. Rxe5
Kf8 21. h4 h5 22. Kf1 a5 23. a3 f6 24. Re1 Re8 25. Nd4 Rxe1+ 26. Kxe1 Ke7 27.
Kd2 Kd6 1/2-1/2

[Event "Open de Cappelle la Grande"]
[Site "?"]
[Date "2002.??.??"]
[Round "2.48"]
[White "Collutiis, Duilio"]
[Black "Gdanski, Jacek"]
[Result "0-1"]
[WhiteElo "2348"]
[BlackElo "2530"]
[PlyCount "64"]

1. e4 e6 2. d3 d5 3. Nd2 Nf6 4. Ngf3 Nc6 5. g3 dxe4 6. dxe4 Bc5 7. Bg2 e5 8.
O-O O-O 9. Qe2 a5 10. Nc4 Qe7 11. c3 b6 12. a4 Ba6 13. Nfd2 Qe6 14. b3 Ne8 15.
Kh1 Nd6 16. f4 f6 17. f5 Qe7 18. Re1 Nd8 19. Bf1 N8f7 20. Qg2 Bb7 21. g4 g6 22.
Nxd6 cxd6 23. fxg6 hxg6 24. Bc4 Kg7 25. Nf1 Rh8 26. Be3 Rh4 27. Bxc5 dxc5 28.
Rad1 Rah8 29. Re3 Ng5 30. Bb5 {#} 30... Nxe4 31. Rxe4 f5 32. Ng3 Rxh2+ 0-1

[Event "Open de Cappelle la Grande"]
[Site "?"]
[Date "2002.??.??"]
[Round "2.36"]
[White "Andrzejewska, Edyta"]
[Black "Berkvens, Joost"]
[Result "1/2-1/2"]
[WhiteElo "2231"]
[BlackElo "2461"]
[PlyCount "53"]

1. e4 d6 2. d4 Nf6 3. Nc3 e5 4. dxe5 dxe5 5. Qxd8+ Kxd8 6. Bg5 Be6 7. O-O-O+
Nbd7 8. Nf3 Kc8 9. Bh4 Bb4 10. Nd5 Nxd5 11. exd5 Bg4 12. Be2 f5 13. h3 Bxf3 14.
Bxf3 Rg8 15. Be2 g5 16. Bg3 Bd6 17. f3 e4 18. Bxd6 exf3 19. gxf3 cxd6 20. Bd3
Rf8 21. Rdg1 h6 22. h4 Ne5 23. hxg5 Nxf3 24. Rf1 Nxg5 25. Rxh6 Kc7 26. Rg6 Ne4
27. Bxe4 1/2-1/2

[Event "Open de Cappelle la Grande"]
[Site "?"]
[Date "2002.??.??"]
[Round "2.37"]
[White "Cosma, Ioan"]
[Black "Van Heirzeele, Daniel"]
[Result "1-0"]
[WhiteElo "2461"]
[BlackElo "2223"]
[PlyCount "57"]

1. d4 Nf6 2. Nf3 e6 3. g3 c5 4. Bg2 cxd4 5. O-O Nc6 6. Nxd4 Qb6 7. Nxc6 dxc6 8.
Qd3 e5 9. Nd2 Be6 10. Nc4 Qc7 11. Qc3 Nd7 12. b4 Be7 13. Be3 O-O 14. Rfd1 f6
15. a4 Nb6 16. Nxb6 axb6 17. a5 b5 18. Bb6 Qc8 19. e4 Bd8 20. Qe3 Bxb6 21. Qxb6
Ra6 22. Qc5 Ra8 23. Bf1 Rd8 24. c3 Bb3 25. Rxd8+ Qxd8 26. a6 Qc7 27. Bxb5 bxa6
28. Bxa6 Ra7 29. b5 1-0

[Event "Open de Cappelle la Grande"]
[Site "?"]
[Date "2002.??.??"]
[Round "2.27"]
[White "Murey, Yaacov"]
[Black "Brochet, Philippe"]
[Result "1/2-1/2"]
[WhiteElo "2487"]
[BlackElo "2381"]
[PlyCount "94"]

1. c4 e5 2. Nf3 Nc6 3. g3 e4 4. Nh4 g6 5. Nc3 f5 6. d3 exd3 7. Qxd3 Bg7 8. e4
fxe4 9. Qxe4+ Qe7 10. Qxe7+ Ngxe7 11. Nb5 Kd8 12. Bf4 d6 13. O-O-O a6 14. Nxc7
Kxc7 15. c5 Nf5 16. cxd6+ Kd8 17. Bg5+ Ke8 18. Bc4 Nxh4 19. Rhe1+ Ne5 20. Bxh4
Bg4 21. Rd4 Kd7 22. Rxg4 Rac8 23. Kb1 Rhe8 24. Rf4 Rxc4 25. Rxe5 Rxf4 26. Rxe8
Kxe8 27. gxf4 Kd7 28. f5 gxf5 29. Bg3 Bf8 30. Kc2 Bxd6 31. Kd3 Bc5 32. Ke2 Ke6
33. Kf3 Bd4 34. b3 Bb2 35. Ke3 Bg7 36. h3 b5 37. Bc7 Bb2 38. Bb6 Bg7 39. Ba5
Be5 40. Bd8 Kd5 41. Bg5 Kc5 42. Be7+ Kd5 43. Bg5 Kc5 44. Be7+ Kd5 45. Bf8 Ke6
46. Kf3 Bd4 47. Kg3 Kd5 1/2-1/2

[Event "Open de Cappelle la Grande"]
[Site "?"]
[Date "2002.??.??"]
[Round "2.33"]
[White "Toulzac, Pierre-Yves"]
[Black "Rausis, Igors"]
[Result "0-1"]
[WhiteElo "2277"]
[BlackElo "2466"]
[PlyCount "40"]

1. d4 f5 2. Nc3 Nf6 3. e4 fxe4 4. Bg5 b6 5. f3 Bb7 6. d5 e6 7. dxe6 Be7 8. Nxe4
Nxe4 9. Bxe7 Qxe7 10. fxe4 Qh4+ 11. Kd2 dxe6 12. Qe1 Qf6 13. c3 Nd7 14. Kc2 Nc5
15. b4 Bxe4+ 16. Kb2 Bxg2 17. Nh3 Bxf1 18. Qxf1 Na4+ 19. Kb3 Qxc3+ 20. Kxa4 a5
0-1

[Event "Open de Cappelle la Grande"]
[Site "?"]
[Date "2002.??.??"]
[Round "2.13"]
[White "Slobodjan, Roman"]
[Black "Jetynak, Radoslaw"]
[Result "1/2-1/2"]
[WhiteElo "2527"]
[BlackElo "2425"]
[PlyCount "136"]

1. c4 e5 2. Nc3 Nf6 3. e3 Bb4 4. Nge2 O-O 5. a3 Be7 6. d4 exd4 7. Qxd4 b6 8.
Nf4 Na6 9. Be2 Nc5 10. Qd1 a5 11. O-O Bb7 12. Nfd5 Nxd5 13. cxd5 Bf6 14. Bd2
Ba6 15. Bxa6 Rxa6 16. Qc2 a4 17. Rad1 Re8 18. Na2 Qe7 19. Nb4 Raa8 20. Bc3 Bxc3
21. Qxc3 Qe5 22. Qc2 h6 23. Rd4 Qf6 24. Rfd1 Qg6 25. Qxg6 fxg6 26. Na2 Re4 27.
Nc3 Rxd4 28. Rxd4 Kf7 29. Kf1 g5 30. Ke2 c6 31. dxc6 dxc6 32. Ne4 Nxe4 33. Rxe4
c5 34. Kd3 b5 35. Re5 Rd8+ 36. Kc3 Rc8 37. f3 Kf6 38. Rd5 Ke6 39. e4 Ke7 40.
Kc2 Ke6 41. Kd3 Rc6 42. Ke2 b4 43. Kd3 c4+ 44. Kc2 bxa3 45. bxa3 Rb6 46. Ra5 c3
47. Kxc3 Rb3+ 48. Kd4 Rxa3 49. Ra6+ Kf7 50. Ke5 Rb3 51. Kf5 Rb5+ 52. e5 g6+ 53.
Ke4 Rb2 54. Rxa4 Rxg2 55. h3 Rb2 56. Ra7+ Ke6 57. Ra6+ Kf7 58. Rf6+ Kg7 59. Rc6
Kf7 60. Rf6+ Kg7 61. Rd6 Kf7 62. Kd5 Rb5+ 63. Ke4 Ra5 64. Rd5 Ra1 65. Rd7+ Ke6
66. Rd6+ Kf7 67. Rd3 Ke6 68. Rd6+ Kf7 1/2-1/2

[Event "Open de Cappelle la Grande"]
[Site "?"]
[Date "2002.??.??"]
[Round "3.25"]
[White "Bosboom, Tea"]
[Black "Slobodjan, Roman"]
[Result "1/2-1/2"]
[WhiteElo "2326"]
[BlackElo "2527"]
[PlyCount "25"]

1. d4 d6 2. c4 g6 3. Nc3 Bg7 4. e4 Nf6 5. f4 c5 6. d5 O-O 7. Nf3 e6 8. Be2 exd5
9. cxd5 Na6 10. O-O Qc7 11. e5 Nd7 12. Be3 b6 13. Ne4 1/2-1/2

[Event "Open de Cappelle la Grande"]
[Site "?"]
[Date "2002.??.??"]
[Round "3.26"]
[White "Ciuksyte, Dagne"]
[Black "Lalic, Bogdan"]
[Result "1/2-1/2"]
[WhiteElo "2319"]
[BlackElo "2523"]
[PlyCount "28"]

1. e4 c5 2. Nf3 d6 3. d4 cxd4 4. Nxd4 Nf6 5. Nc3 e6 6. Be3 Nc6 7. Bc4 d5 8.
exd5 exd5 9. Bb5 Bd7 10. O-O Be7 11. Re1 O-O 12. Bg5 h6 13. Bh4 Re8 14. Qd2 Ne4
1/2-1/2

[Event "Open de Cappelle la Grande"]
[Site "?"]
[Date "2002.??.??"]
[Round "3.27"]
[White "Roumegous, Marina"]
[Black "Yu, Shaoteng"]
[Result "0-1"]
[WhiteElo "2522"]
[BlackElo "2201"]
[PlyCount "88"]

1. d4 e6 2. Nf3 b6 3. e4 Bb7 4. Bd3 Ne7 5. Qe2 d6 6. O-O g6 7. c3 Bg7 8. Bg5 h6
9. Bc1 O-O 10. Rd1 Nd7 11. Nbd2 Qc8 12. Nc4 Re8 13. a4 a6 14. Re1 Nf8 15. e5
Qd8 16. exd6 cxd6 17. Bf4 Nc8 18. Rad1 Nh7 19. Rd2 Nf6 20. Bg3 Nh5 21. Qd1 Qc7
22. Nh4 Nxg3 23. hxg3 Ne7 24. Rde2 Rab8 25. Ne3 Qd7 26. Nc2 Qxa4 27. f4 Qd7 28.
Qd2 Rbd8 29. Bc4 b5 30. Ba2 Bd5 31. Bb1 a5 32. Ne3 Bc6 33. Qd3 b4 34. c4 Qa7
35. Rd2 Nf5 36. Kh2 a4 37. Nc2 b3 38. Nb4 Bb7 39. Nxf5 exf5 40. Rxe8+ Rxe8 41.
c5 dxc5 42. dxc5 Qxc5 43. Qd7 Re1 44. Bxf5 Qg1+ 0-1

[Event "Open de Cappelle la Grande"]
[Site "?"]
[Date "2002.??.??"]
[Round "3.48"]
[White "Handke, Florian"]
[Black "Andre, Damien"]
[Result "1-0"]
[WhiteElo "2450"]
[BlackElo "2065"]
[PlyCount "39"]

1. e4 c6 2. d4 d5 3. e5 Bf5 4. Nf3 e6 5. Be2 Ne7 6. O-O c5 7. Na3 Nec6 8. c4
cxd4 9. cxd5 Qxd5 10. Nb5 Qd7 11. Nfxd4 Nxd4 12. Nxd4 Nc6 13. Nxc6 Qxc6 14. Bg5
Be7 15. Rc1 Qb6 16. Qa4+ Kf8 17. Bxe7+ Kxe7 18. Qa3+ Ke8 19. Bb5+ Qxb5 20. Rc7
1-0

[Event "Open de Cappelle la Grande"]
[Site "?"]
[Date "2002.??.??"]
[Round "3.40"]
[White "Petrov, Marijan"]
[Black "Daurelle, Herve"]
[Result "1-0"]
[WhiteElo "2476"]
[BlackElo "2186"]
[PlyCount "51"]

1. e4 e5 2. Nf3 Nc6 3. Bb5 a6 4. Ba4 Nf6 5. O-O Be7 6. Re1 b5 7. Bb3 d6 8. c3
O-O 9. d3 Na5 10. Bc2 c5 11. Nbd2 Nc6 12. Nf1 Re8 13. Ng3 g6 14. h3 Bf8 15. a4
Bb7 16. Nh2 d5 17. Bg5 d4 18. Ng4 Be7 19. Nh6+ Kg7 20. Qf3 Rf8 21. Ngf5+ gxf5
22. Nxf5+ Kg6 23. Bh6 Ng8 24. Bd1 Re8 25. Qg4+ Kf6 26. Ng3 1-0